Najludniejsze stolice świata - Statystyki

Ogólne statystyki
  • Ten quiz został rozwiązany 64 razy
  • Średni wynik to 8 z 13
Statystyki odpowiedzi
Hint Odpowiedź % Poprawnych
Azja Tokio
100%
Azja Pekin
93%
Europa Moskwa
91%
Europa Londyn
88%
Ameryka Meksyk
71%
Ameryka Buenos Aires
63%
Afryka Kair
57%
Azja Delhi
55%
Azja Dżakarta
54%
Azja Seul
46%
Ameryka Manilla
45%
Ameryka Lima
39%
Azja Dhaka
32%
Nie znaleziono quizów pasujących do podanych kryteriów
Rozkład punktacji
Procent ludzi z każdym wynikiem
Percentyl według liczby udzielonych odpowiedzi
Twoja historia wyników
Nie rozwiązałeś tego quizu